000 00478nam a2200169Ia 4500
003 GCL
008 140319s9999 xx 000 0 eng d
040 _aGCL /
_cGCL
082 0 4 _a618.92
_bM S
100 1 _aMC FADYEN, ANNE
245 1 0 _aSPECIAL CARE BABIES AND THEIR DEVELAPING RELTIONSHIPS /
_cMC FADYEN, ANNE
260 _a[S.N] :
_bROUTLEDGE ،
_c1994
300 _a194P
650 0 4 _aNEONATAL INTENSIVE CARE PSYCHOLOGY
650 0 4 _aPARENT AND INFANT
942 _2ddc
_cBK
999 _c11116
_d11116